Kembara ke angkasa

Bibliographic Details
Main Author: Sheikh Muszaphar Shukor, 1972-
Other Authors: Shajarattuddur Halim
Format: Book
Language:Malay
Published: Petaling Jaya : MPH Group Publishing , 2010
Subjects:

MARC

LEADER 00000cam a2200000 7i4500
001 0000025173
005 20140306.0
008 250214 my a may
020 |a 9789675222672 ,   |c RM25.00 
040 |a INS 
090 0 0 |a TL789.85.S56   |b S55 2010 
100 1 |a Sheikh Muszaphar Shukor, 1972- 
245 1 0 |a Kembara ke angkasa   |c Sheikh Muszaphar Shukor   |f penterjemah Shajaratuddur Halim 
260 |a Petaling Jaya :   |b MPH Group Publishing ,   |c 2010 
300 |a 304ms :   |b ill ;   |c 24cm. 
650 0 |a Astronaus   |z Malaysia 
650 0 |a Manned space flight 
650 0 |a Outer space   |x Exploration 
700 1 |a Shajarattuddur Halim 
999 |a 1000001417   |b BOOK   |c Open Shelf   |e Default branch